Shanghai Metro Lines by Color - Statistics

General Stats
  • This quiz has been taken 151 times
  • The average score is 17 of 18
Answer Stats
Color Metro Line % Correct
. Line 1
99%
. Line 2
97%
. Line 3
97%
. Line 6
95%
. Line 7
95%
. Line 4
94%
. Line 8
93%
. Line 10
92%
. Line 14
92%
. Line 9
92%
. Line 11
91%
. Line 12
91%
. Line 15
91%
. Line 16
91%
. Line 13
90%
. Line 5
90%
. Line 17
88%
. Line 18
88%
No matching quizzes found
Score Distribution
Percent of People with Each Score
Percentile by Number Answered
Your Score History
You have not taken this quiz